Reinforced concrete fundamentals : (Record no. 546885)

000 -LEADER
fixed length control field 00652pam a2200205 i 4500
020 ## - INTERNATIONAL STANDARD BOOK NUMBER
International Standard Book Number 0471058971
082 00 - DEWEY DECIMAL CLASSIFICATION NUMBER
Classification number 624.18341
Author Mark FER
100 1# - MAIN ENTRY--PERSONAL NAME
Personal name Ferguson, Phil Moss,
9 (RLIN) 3514
245 10 - TITLE STATEMENT
Title Reinforced concrete fundamentals :
Remainder of title SI version /
Statement of responsibility, etc. Phil M. Ferguson.
250 ## - EDITION STATEMENT
Edition statement 4th ed., metric ed. /
260 ## - PUBLICATION, DISTRIBUTION, ETC.
Place of publication, distribution, etc. New York :
Name of publisher, distributor, etc. Wiley,
Date of publication, distribution, etc. [1981]
300 ## - PHYSICAL DESCRIPTION
Extent x, 694 p. :
Other physical details ill. ;
Dimensions 24 cm.
526 ## - STUDY PROGRAM INFORMATION NOTE
Program name 0
Interest level 0
Reading level 0
Title point value 624_183410000000000_FER
526 ## - STUDY PROGRAM INFORMATION NOTE
Program name 0
Interest level 0
Reading level 0
Title point value 624_183410000000000_FER
526 ## - STUDY PROGRAM INFORMATION NOTE
Program name 0
Interest level 0
Reading level 0
Title point value 624_183410000000000_FER
650 #0 - SUBJECT ADDED ENTRY--TOPICAL TERM
Topical term or geographic name entry element MCE
9 (RLIN) 379
650 #0 - SUBJECT ADDED ENTRY--TOPICAL TERM
Topical term or geographic name entry element Reinforced concrete construction.
700 1# - ADDED ENTRY--PERSONAL NAME
Personal name Cowan, Henry J.
9 (RLIN) 33055
942 ## - ADDED ENTRY ELEMENTS (KOHA)
Source of classification or shelving scheme
Koha item type Book
Holdings
Withdrawn status Lost status Source of classification or shelving scheme Damaged status Not for loan Permanent Location Current Location Date acquired Total Checkouts Full call number Barcode Date last seen Price effective from Koha item type
          Military College of Engineering (MCE) Military College of Engineering (MCE) 06/20/2014   624.18341 FER MCE-15907 06/20/2014 06/20/2014 Book
          Military College of Engineering (MCE) Military College of Engineering (MCE) 06/20/2014   624.18341 FER MCE-1506 06/20/2014 06/20/2014 Book
          Military College of Engineering (MCE) Military College of Engineering (MCE) 06/20/2014   624.18341 FER MCE-15905 06/20/2014 06/20/2014 Book
© 2023 Central Library, National University of Sciences and Technology. All Rights Reserved.